Acosta't [Objecte] : el medi ambient al litoral el medi ambient al litoral
Descripción Física:
8 adhesius : il. col. ; 7 x 15 cm
MARC
| LEADER | 00000nam a2200000Ia 4500 | ||
|---|---|---|---|
| 001 | 21252 | ||
| 008 | 160829s9999 xx 000 0 cat d | ||
| 080 | |a NBM-2-8 | ||
| 245 | |a Acosta't [Objecte] : |b el medi ambient al litoral | ||
| 260 | |a Barcelona : |b Diputació de Barcelona. Servei de Medi Ambient, [1991?] | ||
| 300 | |a 8 adhesius : |b il. col. ; |c 7 x 15 cm | ||
| 590 | |a Adhesius en motiu de l'exposició 'Acosta't, el medi ambient al litoral'. Cadascun representa: l'aire, la costa, el Delta i les reserves naturals, els residus sòlids urbans, el Parc Natural del Garraf, l'educació ambiental i l'aigua. | ||
| 590 | |a Núm. de full registral: 4671 | ||
| 710 | 1 | |a Barcelona (Catalunya : Província). |b Servei de Medi Ambient |9 53475 | |
| 901 | |a Arxiu | ||
| 942 | |n 1 | ||
| 952 | |0 0 |1 0 |4 0 |6 NBM28 |7 1 |9 49948 |a Arxiu |b Arxiu |d 2016-12-01 |l 0 |o NBM-2-8 |p 21252 |r 2016-12-01 00:00:00 |w 2016-12-01 |y ARXIU | ||
| 999 | |c 53790 |d 53790 | ||